Sports Quiz

Random Sports Quiz

NWA/TNA Champions Quiz Stats

 Plays Quiz not verified by Sporcle

Also try: NHL Team Pairs
Challenge
Share
Tweet
Embed
Score 0/15 Timer 06:00
0 Plays Today
First Championship win Champion % Correct
2007 (first TNA Champion)Kurt Angle
98.1%
2002Jeff Jarrett
95.2%
2003AJ Styles
94.2%
2006Sting
93.3%
2010Jeff Hardy
90.4%
2011Mr. Anderson
80.8%
2006Christian Cage
80.8%
2010Rob Van Dam
78.8%
First Championship win Champion % Correct
2008Samoe Joe
77.9%
2006Abyss
76%
2002Ron Killings
73.1%
2002 (first NWA/TNA Champion)Ken Shamrock
69.2%
2005Rhino
66.3%
2005Raven
63.5%
2009Mick Foley
59.6%

You're not logged in!

Compare scores with friends on all Sporcle quizzes.
OR
Log In

You Might Also Like...

Show Comments

Extras

Created Mar 5, 2011ReportNominate
Tags:champion, championships, NWA, tna, win

Top Quizzes Today


Score Distribution

Your Account Isn't Verified!

In order to create a playlist on Sporcle, you need to verify the email address you used during registration. Go to your Sporcle Settings to finish the process.

Report this User

Report this user for behavior that violates our Community Guidelines.

Details: